01085 2200325 4500001002100000005001500021035002000036007000300056008004100059040002200100082001800122084002000140090002400160090002200184245014200206300004000348850001200388041001300400110004500413651002200458264006000480336002100540337003000561338002300591022001400614500005100628700002800679700003000707990002200737INLIS00000000084805120190612012832 a0010-0619000006ta190611p2018 yoia g s 0 ind d aYOPDYOGbinderda04223a315.98274 a315.98274 SLE k aDEP 315.98274 SLE k aCB-D.11 2018-267210aKecamatan Turi dalam angka :bTuri District in figures 2018 /cBadan Pusata Statistik; penyusun, Teguh Sutaryo; penyunting, Djoko Wintolo axvii, 99 halaman :bgrafik ;c20 cm aYOPDYOG0 aindheng2 aSleman (Kabupaten) Badan Pusat Statistik 4aTuri--xStatistik34aSleman :bBadan Pusat Statistik Kabupaten Sleman,c2018 2rdacontentateks 2rdamediaatanpa perantara 2rdacarrieravolume a2614-9842 aTeks dalam bahasa Indonesia dan bahasa Inggris0 aTeguh Sutaryoepenyusun0 aDjoko Wintoloepenyunting aCB-D.11/2018-2672